| 000 | 01088cam a2200325 a 4500 | ||
|---|---|---|---|
| 001 | 4394807 | ||
| 003 | OSt | ||
| 005 | 20171017153123.0 | ||
| 008 | 920309s1992 maua 001 0 eng | ||
| 010 | _a 92009933 | ||
| 020 | _a0256103380 | ||
| 020 | _a0256108110 (international ed.) | ||
| 020 | _a0256128286 (instructor's ed.) | ||
| 040 |
_aDLC _cDLC _dDLC |
||
| 050 | 0 | 0 |
_aHA29 _b.M26 1993 |
| 082 | 0 | 0 |
_a519.5 _220 |
| 100 | 1 |
_aMason, Robert Deward, _d1919- |
|
| 245 | 1 | 0 |
_aStatistical techniques in business and economics / _cRobert D. Mason, Douglas A. Lind. |
| 250 | _a8th ed. | ||
| 260 |
_aHomewood, IL : _bIrwin, _cc1993. |
||
| 300 |
_axxiv, 872 p. : _bill. (some col.) ; _c26 cm. |
||
| 500 | _aIncludes index. | ||
| 650 | 0 |
_aSocial sciences _xStatistical methods. |
|
| 650 | 0 |
_aEconomics _xStatistical methods. |
|
| 650 | 0 | _aCommercial statistics. | |
| 700 | 1 | _aLind, Douglas A. | |
| 906 |
_a7 _bcbc _corignew _d1 _eocip _f19 _gy-gencatlg |
||
| 942 |
_2lcc _cBK |
||
| 999 |
_c51641 _d51641 |
||